000 00834nam a22002297a 4500
999 _c12146
_d12146
003 AR-CdUCM
008 190408b ||||| |||| 00| 0 spa d
040 _aMUNICIPALIDAD PROVINCIAL DEL CUSCO
_cBIBLIOTECA MUNICIPAL DEL CUSCO
082 _a985.009 / C77
_bC77
100 _aCornejo Bouroncle, Jorge
_915278
245 _aLa Confederación Perú - boliviana /
_bJorge Cornejo Bouroncle
260 _aCuzco :
_bH. G. Rozas Sucs,
_c1935.
300 _a120 páginas ;
_c21 cm.
500 _aCon dedicatoria del autor en la portada del libro.
505 _aContenido: Confederación Perú-boliviana.
650 _aConfederación Perú boliviana
_929846
650 _aProceso independentista
_946724
650 _aHistoria Republicana
_946725
650 _aHistoria del Perú
_9259
942 _2ddc
_cLIBROS
945 _awfj
_d2019-04-08